| 000 | 00805nam a2200229 a 4500 | ||
|---|---|---|---|
| 999 |
_c3227 _d3227 |
||
| 001 | 3227 | ||
| 003 | BD-JhCC | ||
| 005 | 20171112101200.0 | ||
| 008 | 171111s1985 bg |||| |||a 000 0 ben d | ||
| 035 | _a(BD-JhCC)3227 | ||
| 040 |
_aBD-JhCC _dBD-JhCC |
||
| 041 | _aben | ||
| 082 |
_a954.92 _bRAH 1985 |
||
| 100 | _aরহমান, মুহাম্মদ হাবিবুর | ||
| 245 |
_aগঙ্গাঋৃদ্ধি থেকে বাংলাদেশ / _cমুহাম্মদ হাবিবুর রহমান, |
||
| 260 |
_aঢাক : _bবাংলা একাডেমী, _c1985 |
||
| 300 |
_a111 p. : _c18 cm. |
||
| 490 | _aSeries in honour of the Martyrs of the Language Movement of February 1952. | ||
| 650 | _aBangaldesh History | ||
| 942 |
_2ddc _cBK |
||